00875nam a2200205 a 450000100060000000300060000600500170001200800410002903500160007004000270008604100080011308200240012124502070014526001120035230000320046449000600049665100340055670000250059083000540061577735UkOxU20211209083021.0200104s1902 enkh 000 0 eng d aocm00367599 aWSUdm.cbengcBD-RjUL aeng 223a820.8bLAU 190204aThe Laud Troy book :ba romance of about 1400 A.D. /cnow first edited from the unique ms. (Laud Misc. 595) in the Bodleian Library, Oxford, with introduction, notes, and glossary by J. Ernst Wülfing. aLondon :bPublished for the Early English Text Society, by Kegan Paul, Trench, Trübner & Co., Ltd,c1902. a549 p. :bfacsim. ;c23 cm.1 aOriginal series / Early English Text society ;v121-122 0aTroy (Extinct city)vLegends.1 aWülfing, J. Ernst. 0aEarly English Text Society (Series).vno.121-122.